Normal view MARC view
  • Mate M S

Entry Personal Name

Number of records used in: 1

001 - CONTROL NUMBER

  • control field: 27862

003 - CONTROL NUMBER IDENTIFIER

  • control field: OSt

005 - DATE AND TIME OF LATEST TRANSACTION

  • control field: 20220803173111.0

008 - FIXED-LENGTH DATA ELEMENTS

  • fixed length control field: 220803|| aca||aabn | a|a d

040 ## - CATALOGING SOURCE

  • Original cataloging agency: OSt
  • Transcribing agency: OSt

100 ## - HEADING--PERSONAL NAME

  • Personal name: Mate M S

670 ## - SOURCE DATA FOUND

  • Source citation: Work cat.: (OSt)17745: Mate M S, Maratha Architecture : 1650 AD To 1850 AD, 1959